000 00724nam a2200229 a 4500
005 20250909063958.0
008 140519s2003 es r 000 0 spa d
020 _a8478643184
035 _aUPN01000197279
049 _aI
050 4 _aPZ26.3
_bL4.9
100 1 _aLe Masne, Christophe,
_d1958-
_932897
245 1 0 _aTom en el hospital /
_cCristophe Le Masne ; il. Marie-Aline Bawin ; tr. Charo Latorre.
260 _aBarcelona, Esp. :
_bCombel,
_c2003.
300 _a[24] p. :
_bil. col.
534 _pTítulo original:
_tTom á l'hôpital
650 0 _aCuentos infantiles franceses
_98588
650 4 _aConejos
_vCuentos y leyendas
_922085
650 2 _aHospitales
_925667
905 _aInfantil
999 _c169380
_d169380